000 00841cam a2200265 i 4500
001 768714001
003 CO-MdBIC
005 20231201090155.0
008 231201t1995 sp ||||| |||| 00| 0 spa d
020 _a906-311024-3
040 _bspa.
_aCO-MdFUSB
_cCO-MdFUSB
_dCO-MdFUSBC
_erda
041 _aspa
082 0 4 _aG 231.76 D485p
100 1 _aDeursen, F. van
245 1 0 _aEl pacto de Dios : Su excelencia y su desconocimiento / F. Van Deursen ; Juan T. Sanz, Traductor
_c/
264 1 _aBarcelona : FELIRE (ver Fundación Editorial de Literatura Reformada)
_bFELIRe,
_c[1994]
264 4 _c©1994
300 _a20 Pág.
_c;
336 _atexto
_btxt
_2rdacontent
337 _2rdamedia
_asin mediación
_bn
338 _2rdacarrier
_avolumen
_bnc
650 7 _9323
_aDios
_xEnseñanza bíblica
942 _cBK
945 _ajohan1477
999 _c42773
_d42773